Statistics for A Train from Berlin to London

Click here to take the quiz!

General Stats

  • This quiz has been taken 43 times
    (28 since last reset)
  • The average score is 73 of 156

Answer Stats

Answer% Correct
Berlin
96%
Berlin-Brandenburger Tor
96%
Berlin-City
96%
Berlin-North
96%
Berlin-Wittenau
96%
London
96%
London-Airport
96%
London-City
96%
London-Dartford
96%
London-Greenwich
96%
London-Lewisham
96%
London-Peckham
96%
Paris
82%
Paris-Arc de Triomphe
82%
Paris-Cergy
82%
Paris-Chelles
82%
Paris-Hotel de Invalides
82%
Paris-Montreuil
82%
Paris-Nanterre
82%
Paris-Noisy-le-Grand
82%
Paris-Panthéon
82%
Paris-St Blaise
82%
Paris-Tour Eiffel
82%
Paris-West
82%
Cologne
75%
Cologne-Airport
75%
Cologne-Bergisch Gladbach
75%
Cologne-City
75%
Cologne-Dellbrück
75%
Cologne-Dom
75%
Cologne-Mülheim
75%
Cologne-South
75%
Calais
71%
Frankfurt
71%
Frankfurt-Airport
71%
Frankfurt-Bischofsheim
71%
Frankfurt-Griesheim
71%
Frankfurt-Mörfelden-Walldorf
71%
Frankfurt-Niederrad
71%
Frankfurt-Rüsselsheim
71%
Frankfurt-Sachsenhausen
71%
Frankfurt-South
71%
Frankfurt-West
71%
Hamburg
68%
Hamburg-Airport
68%
Hamburg-City
68%
Hamburg-East
68%
Hamburg-Hafen
68%
Hamburg-Seevetal
68%
Hamburg-South
68%
Dover
61%
Bonn
57%
Bonn-Beuel
57%
Bonn-City
57%
Bonn-Königswinter
57%
Bonn-South
57%
Hannover
54%
Hannover-City
54%
Hannover-Langenhagen
54%
Hannover-South
54%
Dortmund
50%
Dortmund-City
50%
Dortmund-East
50%
Dortmund-North
50%
Dortmund-South
50%
Dortmund-Wickede
50%
Straßburg
50%
Wuppertal
50%
Wuppertal-Barmen
50%
Wuppertal-City
50%
Wuppertal-Northeast
50%
Leverkusen
46%
Leverkusen-City
46%
Leverkusen-North
46%
Metz
46%
Bielefeld
43%
Bielefeld-City
43%
Bielefeld-North
43%
Bielefeld-South
43%
Karlsruhe
43%
Karlsruhe-City
43%
Karlsruhe-Durlach
43%
Karlsruhe-South
43%
Mannheim
43%
Mannheim-City
43%
Mannheim-Rheinau
43%
Mannheim-Waldhof
43%
Mannheim-West
43%
Metz-City
43%
Metz-South
43%
Hamm
39%
Hamm-City
39%
Hamm-East
39%
Mainz
39%
Mainz-City
39%
Mainz-East
39%
Mainz-Hechtsheim
39%
Mainz-Oberstadt
39%
Nancy
39%
Nancy-City
39%
Reims
39%
Reims-City
39%
Solingen
36%
Solingen-City
36%
Gütersloh
32%
Offenburg
32%
Kehl
29%
Worms
29%
Amiens
25%
Lübeck
25%
Lübeck-Travemünde
25%
Lübeck-West
25%
Canterbury
21%
Maidstone
21%
Oranienburg
21%
Unna
21%
Verdun
21%
Witten
21%
Beauvais
18%
Bergkamen
18%
Bruchsal
18%
Frankenthal
18%
Limburg
18%
Rastatt
18%
Siegburg
18%
Straßburg-Airport
18%
Straßburg-City
18%
Straßburg-East
18%
Straßburg-West
18%
Buchholz
14%
Hockenheim
14%
Kamen
14%
Neuruppin
14%
Rheda
14%
Schwetzingen
14%
Soltau
14%
Wismar
14%
Bad Oeynhausen
11%
Beckum
11%
Herford
11%
Langenfeld
11%
Oelde
11%
Ahrensburg
7%
Ettlingen
7%
Freudenstadt
7%
Gaggenau
7%
Ginsheim-Gustavsburg
7%
Güstrow
7%
Hattingen
7%
Neubrandenburg
7%
Rinteln
7%
Walsrode
7%
Wiesloch-Walldorf
7%
Wunstorf
7%
Garbsen
4%
Worms-Neuhausen
4%

Score Distribution

Percentile by Number Answered

Percent of People with Each Score

Your Score History

You have not taken this quiz since the last reset